Vida del pícaro Guzmán de Alfarache (Atalaya de la vida humana) Tomo II: Novela

Gorde:
Xehetasun bibliografikoak
Egile nagusia: Alemán, Mateo
Formatua: Liburua
Hizkuntza:Undetermined
Argitaratua: Buenos Aires, Argentina Sopena 1941
Edizioa:Edición anotada
Gaiak:
Etiketak: Etiketa erantsi
Etiketarik gabe, Izan zaitez lehena erregistro honi etiketa jartzen!

MARC

LEADER 00000nam a2200000Ia 4500
008 170316s9999 xx 000 0 und d
040 |a cru BVZT 
090 |a 862 A-15v v.2 
100 |a Alemán, Mateo 
245 |a Vida del pícaro Guzmán de Alfarache (Atalaya de la vida humana) Tomo II: Novela 
250 |a Edición anotada 
260 |a Buenos Aires, Argentina 
260 |b Sopena 
260 |c 1941 
300 |a 173 páginas 
650 |a LITERATURA ESPAÑOLA 
999 |c 9372  |d 9372 
942 |c 15 D  |h 862 A-15v v.2  |2 z